|
|
|
|
| LEADER |
03810nam a22003973i 4500 |
| 001 |
EBC6695248 |
| 003 |
MiAaPQ |
| 005 |
20231204023218.0 |
| 006 |
m o d | |
| 007 |
cr cnu|||||||| |
| 008 |
231204s2014 xx o ||||0 ger d |
| 020 |
|
|
|a 9783839426968
|q (electronic bk.)
|
| 020 |
|
|
|z 9783837626964
|
| 035 |
|
|
|a (MiAaPQ)EBC6695248
|
| 035 |
|
|
|a (Au-PeEL)EBL6695248
|
| 035 |
|
|
|a (OCoLC)992490453
|
| 040 |
|
|
|a MiAaPQ
|b eng
|e rda
|e pn
|c MiAaPQ
|d MiAaPQ
|
| 100 |
1 |
|
|a Krämer, Hannes.
|
| 245 |
1 |
4 |
|a Die Praxis der Kreativität :
|b Eine Ethnografie kreativer Arbeit.
|
| 250 |
|
|
|a 1st ed.
|
| 264 |
|
1 |
|a Bielefeld :
|b transcript,
|c 2014.
|
| 264 |
|
4 |
|c {copy}2014.
|
| 300 |
|
|
|a 1 online resource (423 pages)
|
| 336 |
|
|
|a text
|b txt
|2 rdacontent
|
| 337 |
|
|
|a computer
|b c
|2 rdamedia
|
| 338 |
|
|
|a online resource
|b cr
|2 rdacarrier
|
| 490 |
1 |
|
|a Gesellschaft der Unterschiede ;
|v v.18
|
| 505 |
0 |
|
|a Cover -- Inhalt -- Einleitung -- 1. Konturen kreativen Arbeitens -- 1.1 Erwerbsarbeit im Wandel -- 1.2 Erwerbsarbeit im Frühkapitalismus und der organisierten Moderne -- 1.3 Erwerbsarbeit in der Gegenwartsgesellschaft -- 1.4 Die Kultur und Kreativwirtschaft -- Exkurs: Die Creative Industries als Kreationierungsprogramm - zur Kritik an der Kreativwirtschaft -- 2. Die Entdeckung und Etablierung von Kreativität in der Werbung -- 2.1 Kreativwerbung als historisches Projekt -- 2.2 Kreativität in der zeitgenössischen Werbung - analytische Perspektiven -- 3. Die Anlage der Untersuchung -- 3.1 Zur Forschungspraxis und Methode -- 3.2 Praxistheorie als grundbegriffliche Heuristik -- 4. Die Produktion von Kreativität -- 4.1. Die Repräsentation und Organisation von Kreativität -- 4.1.1 Die Agentur -- 4.1.2 Die formale Organisation der Werbeagentur: Beratung und Kreation -- 4.2 Die Fabrikation von Kreativität -- 4.2.1 Subjektivierungen: Der Kunde -- 4.2.2 Strukturierungen: Das Briefing -- 4.2.3 Inventionen: Die Ideenfindung -- 4.2.4 Ästhetisierungen: Entwerfen und gestalten -- 4.2.5 Evaluationen: Bewerten, prüfen und stabilisieren der Entwürfe -- 4.2.6 Selektionen: Der Schulterblick -- 4.2.7 Inszenierungen: Kundenpräsentation und Reinzeichnung -- 4.2.8 Transformationen: Kreativität als Übersetzungs- und Stabilisierungsleistung -- 4.3 Die Organisation und das Management von Kreativität -- 4.3.1 Zur Organisation der Produktion von Werbung -- 4.3.2 Projektorganisation -- 4.3.3 Abstimmungen als informelle Kooperationen -- 4.3.4 Adhocing -- 4.3.5 Organisationsstile I: Die Organisation als Raum natürlicher Gemeinschaft und gemeinsamen Erlebens -- 4.3.6 Organisationsstile II: Hierarchie vs. Heterarchie -- 4.3.7 Organisationsstile III: Zeitstrukturen, Zeitkulturen -- 5. Schluss: Die Praxis der Kreativität -- 5.1 Die kulturelle Formung des Kreativen in der Ökonomie.
|
| 505 |
8 |
|
|a 5.1.1 Die Mehrstufigkeit des Kreativen -- 5.1.2 Die Sozialität des Kreativen -- 5.1.3 Feldinterne Kreativitätstheorien -- 5.1.4 Die Mehrdeutigkeit des Kreativen -- 5.2 Die Praxis der Kreativarbeit -- 5.2.1 Die Organisation der Kreativarbeit -- 5.2.2 Merkmale der Kreativarbeit - eine Heuristik -- Danksagung -- Transkriptionskonventionen -- Bibliographie.
|
| 588 |
|
|
|a Description based on publisher supplied metadata and other sources.
|
| 590 |
|
|
|a Electronic reproduction. Ann Arbor, Michigan : ProQuest Ebook Central, 2023. Available via World Wide Web. Access may be limited to ProQuest Ebook Central affiliated libraries.
|
| 655 |
|
4 |
|a Electronic books.
|
| 776 |
0 |
8 |
|i Print version:
|a Krämer, Hannes
|t Die Praxis der Kreativität
|d Bielefeld : transcript,c2014
|z 9783837626964
|
| 797 |
2 |
|
|a ProQuest (Firm)
|
| 830 |
|
0 |
|a Gesellschaft der Unterschiede
|
| 856 |
4 |
0 |
|u https://ebookcentral.proquest.com/lib/matrademy/detail.action?docID=6695248
|z Click to View
|